logo

Bir Sreshtho Munshi Abdur Rouf Library
Jhenaidah Cadet College

Physics and microphysics. (Record no. 8780)

MARC details
000 -LEADER
fixed length control field 00752cam a22002533 4500
001 - CONTROL NUMBER
JCCL Control Number 8780
003 - CONTROL NUMBER IDENTIFIER
JCCL marc code BD-JhCC
005 - DATE AND TIME OF LATEST TRANSACTION
control field 20180303202628.0
008 - FIXED-LENGTH DATA ELEMENTS--GENERAL INFORMATION
fixed length control field 020923s1955 enka 000 0 eng
035 ## - SYSTEM CONTROL NUMBER
system control number (BD-JhCC)8780
040 ## - CATALOGING SOURCE
Original cataloging agency DLC
Transcribing agency DLC
Modifying agency DLC
-- BD-JhCC
041 1# - LANGUAGE CODE
Language code of Book eng
Language code of original and/or intermediate translations of text fre
050 00 - LIBRARY OF CONGRESS CALL NUMBER
Classification number QC21
Item number .B8413 1955
082 ## - DEWEY DECIMAL CLASSIFICATION NUMBER
Author mark and Year BRO 1955
100 1# - MAIN ENTRY--PERSONAL NAME
Personal name Broglie, Louis de,
Dates associated with a name 1892-1987.
240 10 - UNIFORM TITLE
Uniform title Physique et microphysique.
245 10 - TITLE STATEMENT
Title Physics and microphysics.
Statement of responsibility, etc Translated by Martin Davidson. With a foreword by A. Einstein.
260 ## - PUBLICATION, DISTRIBUTION, ETC. (IMPRINT)
Place of publication, distribution, etc London,
Name of publisher, distributor, etc Hutchinson's Scientific and Technical Publications
Date of publication, distribution, etc [1955]
300 ## - PHYSICAL DESCRIPTION
Pagination 286 p.
Other physical details illus.
Dimensions 22 cm.
650 #0 - SUBJECT ADDED ENTRY--TOPICAL TERM
Topical term or geographic name as entry element Physics.
650 #0 - SUBJECT ADDED ENTRY--TOPICAL TERM
Topical term or geographic name as entry element Physics
General subdivision Philosophy.
942 ## - ADDED ENTRY ELEMENTS (KOHA)
Source of classification or shelving scheme Dewey Decimal Classification
Koha item type Books
Holdings
Source of classification or shelving scheme Damaged status Not for loan Home library Current library Shelving location Total Checkouts Full call number Barcode Date last seen Copy number Koha item type
Dewey Decimal Classification     JCC Rouf Library JCC Rouf Library General Stacks   BRO 1955 11609 03/03/2018 C - 1 Books

JCC Library | Contacts | JCC Home

Last Update on 23 September 2017
Copyright @ 2017-2020 JCC Rouf Library
Rouf Library, Jhenidah Cadet College (JCC), Bangladesh